Statistics for NCAA College Teams by State: South Carolina

Click here to take the quiz!

General Stats

  • This quiz has been taken 46 times
  • The average score is 13 of 27

Answer Stats

% Correct
Division I-ASouth CarolinaGamecocks
100%
Division I-AClemsonTigers
92%
Division I-ACoastal CarolinaChanticleers
86%
Division I-AASouth Carolina StateBulldogs
81%
Division I-AACharlestonCougars
72%
Division I-AAFurmanPaladins
72%
Division I-AACharleston SouthernBuccaneers
61%
Division I-AAPresbyterianBlue Hose
58%
Division I-AAWoffordTerriers
56%
Division I-AASouth Carolina UpstateSpartans
53%
Division I-AAWinthropEagles
47%
Division I-AAThe CitadelBulldogs
44%
Division IILanderBearcats
39%
Division IINorth GreenvilleCrusaders
36%
Division IIFrancis MarionPatriots
33%
Division IIUSC BeaufortSand Sharks
33%
Division IIAndersonTrojans
31%
Division IINewberryWolves
31%
Division IIUSC AikenPacers
31%
Division IIAllenYellow Jackets
28%
Division IIConverseValkyries
28%
Division IIClaflinPanthers
25%
Division IICokerCobras
25%
Division IIErskineFlying Fleet
25%
Division IILimestoneSaints
25%
Division IIBenedictTigers
22%
Division IISouthern WesleyanWarriors
22%

Score Distribution

Percentile by Number Answered

Percent of People with Each Score

Your Score History

You have not taken this quiz